00245nam a2200097Ia 4500008004100000100001700041245002600058260003900084300000900123650001500132191201s2009 xx 000 0 und d aBANSAL, R.K. 0aStrength of Materials aN. DelhibLaxmi Publicationsc2009 a1092 aB.Tech(CE)